<?xml version="1.0" encoding="UTF-8"?>
<record
    xmlns:xsi="http://www.w3.org/2001/XMLSchema-instance"
    xsi:schemaLocation="http://www.loc.gov/MARC21/slim http://www.loc.gov/standards/marcxml/schema/MARC21slim.xsd"
    xmlns="http://www.loc.gov/MARC21/slim">

  <leader>00386nam a22001217a 4500</leader>
  <datafield tag="040" ind1=" " ind2=" ">
    <subfield code="c">RUA</subfield>
  </datafield>
  <datafield tag="082" ind1=" " ind2=" ">
    <subfield code="a">BAS &#x1793;&#x17BB;&#x178F; 2021 A126 Or.</subfield>
  </datafield>
  <datafield tag="100" ind1=" " ind2=" ">
    <subfield code="a">&#x1793;&#x17BB;&#x178F; &#x179F;&#x17B6;&#x17A1;&#x1793;</subfield>
  </datafield>
  <datafield tag="245" ind1=" " ind2=" ">
    <subfield code="a">Basic of computer, &#x1798;&#x17BC;&#x179B;&#x178A;&#x17D2;&#x178B;&#x17B6;&#x1793;&#x1782;&#x17D2;&#x179A;&#x17B8;&#x17C7;&#x1793;&#x17C3;&#x1780;&#x17BB;&#x17C6;&#x1796;&#x17D2;&#x1799;&#x17BC;&#x1791;&#x17D0;&#x179A;</subfield>
  </datafield>
  <datafield tag="260" ind1=" " ind2=" ">
    <subfield code="a">RUA </subfield>
    <subfield code="b">Phnome Penh</subfield>
    <subfield code="c">2021</subfield>
  </datafield>
  <datafield tag="300" ind1=" " ind2=" ">
    <subfield code="a">viii, </subfield>
    <subfield code="b">ill,</subfield>
    <subfield code="c">29cm,</subfield>
  </datafield>
  <datafield tag="942" ind1=" " ind2=" ">
    <subfield code="c">&#x179F;&#x17C0;&#x179C;&#x1797;&#x17C5;&#x1782;&#x17C4;&#x179B;</subfield>
  </datafield>
  <datafield tag="999" ind1=" " ind2=" ">
    <subfield code="c">25429</subfield>
    <subfield code="d">25429</subfield>
  </datafield>
  <datafield tag="952" ind1=" " ind2=" ">
    <subfield code="0">0</subfield>
    <subfield code="1">0</subfield>
    <subfield code="4">0</subfield>
    <subfield code="6">BAS_&#x1793;&#x17BB;&#x178F;_2021_000000000000000_A126_OR</subfield>
    <subfield code="7">0</subfield>
    <subfield code="9">105693</subfield>
    <subfield code="a">LBA</subfield>
    <subfield code="b">LBA</subfield>
    <subfield code="c">A126</subfield>
    <subfield code="d">2025-08-16</subfield>
    <subfield code="o">BAS &#x1793;&#x17BB;&#x178F; 2021 A126 Or.</subfield>
    <subfield code="p">A084104</subfield>
    <subfield code="r">2025-08-16</subfield>
    <subfield code="y">&#x179F;&#x17C0;&#x179C;&#x1797;&#x17C5;&#x1782;&#x17C4;&#x179B;</subfield>
  </datafield>
  <datafield tag="952" ind1=" " ind2=" ">
    <subfield code="0">0</subfield>
    <subfield code="1">0</subfield>
    <subfield code="4">0</subfield>
    <subfield code="6">BAS_&#x1793;&#x17BB;&#x178F;_2021_000000000000000_A126_OR</subfield>
    <subfield code="7">0</subfield>
    <subfield code="9">105694</subfield>
    <subfield code="a">LBA</subfield>
    <subfield code="b">LBA</subfield>
    <subfield code="c">A126</subfield>
    <subfield code="d">2025-08-16</subfield>
    <subfield code="o">BAS &#x1793;&#x17BB;&#x178F; 2021 A126 Or.</subfield>
    <subfield code="p">A084102</subfield>
    <subfield code="r">2025-08-16</subfield>
    <subfield code="y">&#x179F;&#x17C0;&#x179C;&#x1797;&#x17C5;&#x1782;&#x17C4;&#x179B;</subfield>
  </datafield>
  <datafield tag="952" ind1=" " ind2=" ">
    <subfield code="0">0</subfield>
    <subfield code="1">0</subfield>
    <subfield code="4">0</subfield>
    <subfield code="6">BAS_&#x1793;&#x17BB;&#x178F;_2021_000000000000000_A126_OR</subfield>
    <subfield code="7">0</subfield>
    <subfield code="9">105695</subfield>
    <subfield code="a">LBA</subfield>
    <subfield code="b">LBA</subfield>
    <subfield code="c">A126</subfield>
    <subfield code="d">2025-08-16</subfield>
    <subfield code="o">BAS &#x1793;&#x17BB;&#x178F; 2021 A126 Or.</subfield>
    <subfield code="p">A083912</subfield>
    <subfield code="r">2025-08-16</subfield>
    <subfield code="y">&#x179F;&#x17C0;&#x179C;&#x1797;&#x17C5;&#x1782;&#x17C4;&#x179B;</subfield>
  </datafield>
  <datafield tag="952" ind1=" " ind2=" ">
    <subfield code="0">0</subfield>
    <subfield code="1">0</subfield>
    <subfield code="4">0</subfield>
    <subfield code="6">BAS_&#x1793;&#x17BB;&#x178F;_2021_000000000000000_A126_OR</subfield>
    <subfield code="7">0</subfield>
    <subfield code="9">105696</subfield>
    <subfield code="a">LBA</subfield>
    <subfield code="b">LBA</subfield>
    <subfield code="c">A126</subfield>
    <subfield code="d">2025-08-16</subfield>
    <subfield code="o">BAS &#x1793;&#x17BB;&#x178F; 2021 A126 Or.</subfield>
    <subfield code="p">A083900</subfield>
    <subfield code="r">2025-08-16</subfield>
    <subfield code="y">&#x179F;&#x17C0;&#x179C;&#x1797;&#x17C5;&#x1782;&#x17C4;&#x179B;</subfield>
  </datafield>
  <datafield tag="952" ind1=" " ind2=" ">
    <subfield code="0">0</subfield>
    <subfield code="1">0</subfield>
    <subfield code="4">0</subfield>
    <subfield code="6">BAS_&#x1793;&#x17BB;&#x178F;_2021_000000000000000_A126_OR</subfield>
    <subfield code="7">0</subfield>
    <subfield code="9">105697</subfield>
    <subfield code="a">LBA</subfield>
    <subfield code="b">LBA</subfield>
    <subfield code="c">A126</subfield>
    <subfield code="d">2025-08-16</subfield>
    <subfield code="o">BAS &#x1793;&#x17BB;&#x178F; 2021 A126 Or.</subfield>
    <subfield code="p">A083903</subfield>
    <subfield code="r">2025-08-16</subfield>
    <subfield code="y">&#x179F;&#x17C0;&#x179C;&#x1797;&#x17C5;&#x1782;&#x17C4;&#x179B;</subfield>
  </datafield>
</record>
